000 00771nam a22002057a 4500
999 _c16398
_d16398
003 AR-CdUCM
008 190225b ||||| |||| 00| 0 spa d
040 _aMUNICIPALIDAD PROVINCIAL DEL CUSCO
_cBIBLIOTECA MUNICIPAL DEL CUSCO
082 _a809.91 /
_bSC29
100 _aSchmidt, Albert Marie.
_915185
245 _aLa literatura simbolista (1870-1900) /
260 _bEudeba,
_c1962.
_aArgentina :
300 _a63 paginas ;
_c25 cm.
440 _aCuadernos de Eudeba.
_n72
_935824
505 _aContenido :Los precursores -- El espĂ­ritu decadente -- La doctrina simbolista y los simbolistas fieles -- Los simbolistas infieles -- El teatro simbolista ...
650 _aArgetina.
_935810
650 _aSiglo XX.
_98
942 _2ddc
_cLIBROS
945 _arum
_d2019-05-03